000 00868nas a2200265 4500
001 BR0600023
003 BR-BrBNA
005 20231205105730.0
007 ta
008 230509b bl.|||p| |||| 00| 00por d
040 _aBR-BrBNA
_bpor
_cBiblioteca Nacional de Agricultura
041 _a(Pt)
072 _aH20; P34
100 1 _aCosta, G.R.
100 1 _aCosta, J.L. da S.
245 1 _aInfluência da densidade de inóculo de Fusarium solani f. sp. phaseoli na severidade da podridão radicular da seca do feijoeiro
650 _aFEIJÃO
650 _aPODRIDÃO RADICULAR
650 _aFUSARIUM SOLANI
650 _aINOCULAÇÃO
650 _aMICROBIOLOGIA DO SOLO
773 0 _tPesquisa Agropecuária Tropical (Brazil)
_xISSN 1517-6398
_g(May-Aug 2004), v. 34(2) p. 89-92
_wBR0600023
909 _a202311
_bLúcia
_c55
_dLúcia Elande
942 _2AGRIS
_n0
_cANA
999 _c184398
_d184398